书目信息 |
| 题名: |
化学化工实验
|
|
| 作者: | 赵龙涛 主编 | |
| 分册: | ||
| 出版信息: | 北京 化学工业出版社 2013.10 |
|
| 页数: | 295页 | |
| 开本: | 26cm | |
| 丛书名: | ||
| 单 册: | ||
| 中图分类: | O6-3 , TQ016 | |
| 科图分类: | ||
| 主题词: | 化学实验 , 化学工业--化学实验 , 化学工业 | |
| 电子资源: | ||
| ISBN: | 978-7-122-17792-6 | |
| 000 | 01030nam0 2200277 450 | |
| 001 | 006209037 | |
| 005 | 20140610084829.54 | |
| 010 | @a978-7-122-17792-6@dCNY38.00 | |
| 100 | @a20130914d2013 em y0chiy0110 ea | |
| 101 | 0 | @achi |
| 102 | @aCN@b110000 | |
| 105 | @aak z 000yy | |
| 106 | @ar | |
| 200 | 1 | @a化学化工实验@9hua xue hua gong shi yan@e基础·综合·设计@f赵龙涛主编 |
| 210 | @a北京@c化学工业出版社@d2013.10 | |
| 215 | @a295页@c图@d26cm | |
| 330 | @a本书首先介绍化学化工实验室安全守则和化学化工实验基础知识,然后按照基础实验、综合实验、设计实验的顺序将无机化学、分析化学、有机化学、物理化学、化工原理等课程的实验进行了整合,实验内容包括基本操作训练;化合物的提取、制备方法;化合物性质检验;综合设计实验等,结合实验内容讲解了实验仪器的操作。 | |
| 333 | @a高校相关专业师生 | |
| 606 | 0 | @a化学实验 |
| 606 | 0 | @a化学工业@x化学实验 |
| 606 | 0 | @a化学工业 |
| 690 | @aO6-3@v5 | |
| 690 | @aTQ016@v5 | |
| 701 | 0 | @a赵龙涛@9zhao long tao@4主编 |
| 801 | 0 | @aCN@b人天书店@c20130914 |
| 905 | @b846956-59@dO6-3@e436@f4 | |
| 化学化工实验:基础·综合·设计/赵龙涛主编.-北京:化学工业出版社,2013.10 |
| 295页:图;26cm |
| 使用对象:高校相关专业师生 |
| ISBN 978-7-122-17792-6:CNY38.00 |
| 本书首先介绍化学化工实验室安全守则和化学化工实验基础知识,然后按照基础实验、综合实验、设计实验的顺序将无机化学、分析化学、有机化学、物理化学、化工原理等课程的实验进行了整合,实验内容包括基本操作训练;化合物的提取、制备方法;化合物性质检验;综合设计实验等,结合实验内容讲解了实验仪器的操作。 |
| ● |
| 相关链接 |
|
|
|
|
正题名:化学化工实验
索取号:O6-3/436
 
预约/预借
| 序号 | 登录号 | 条形码 | 馆藏地/架位号 | 状态 | 备注 |
| 1 | 846956 | 208469566 | 第二样本阅览室/ [索取号:O6-3/436] | 在馆 | |
| 2 | 846957 | 208469575 | 密集书库-化学系/ [索取号:O6-3/436] | 在馆 | |
| 3 | 846958 | 208469584 | 第三借阅区/ [索取号:O6-3/436] | 在馆 | |
| 4 | 846959 | 208469593 | 第三借阅区/ [索取号:O6-3/436] | 在馆 |